[Event "Solin 8th"]
[Site "Solin/Split"]
[Date "2000.12.12"]
[Round "4"]
[White "Cvitan, Ognjen"]
[Black "Fressinet, Laurent"]
[Result "0-1"]
[WhiteElo "2541"]
[BlackElo "2536"]
[Annotator "Ribli,Z"]
[PlyCount "122"]
[EventDate "2000.12.09"]
[EventType "tourn"]
[EventRounds "9"]
[EventCountry "CRO"]
[EventCategory "12"]
[SourceTitle "CBM 081"]
[Source "ChessBase"]
[SourceDate "2001.03.20"]
[SourceVersion "1"]
[SourceVersionDate "2001.03.20"]
[SourceQuality "1"]

1. Nf3 Nf6 2. g3 {Der kroatische Großmeister spielt gerne Systeme mit g2-g3.}
g6 3. Bg2 Bg7 4. c4 c5 5. O-O d5 {Auf den ersten Blick macht es keinen Sinn,
dass Schwarz mit einem Tempo weniger die Stellung öffnet. Aber Schach ist eben
ein konkretes Spiel, und dieser Zug scheint mir in der Tat gut spielbar.} 6.
Qa4+ (6. cxd5 Nxd5 7. Nc3 (7. d4)) 6... Nbd7 $6 {Dieser Zug scheint mir etwas
zu passiv zu sein. Ich empfehle 6...Nc6 (das spiele ich selbst auch), mit
ungefähr ausgeglichenem Spiel.} (6... Nc6 $5 7. Ne5 Qd6 8. cxd5 Nxd5 9. Nc4 Qe6
10. Nc3 Nxc3 11. dxc3 O-O $1 12. Nb6 axb6 13. Qxa8 Qxe2 14. Qa4 Be6 15. Qd1 Qc4
16. Bf4 b5 17. Re1 b4 18. Bf1 Qd5 19. Qxd5 Bxd5 $44 20. Rad1 Bxa2 21. cxb4 cxb4
22. Bg2 Be6 23. Rd2 h5 24. h4 Ra8 25. Bg5 b3 26. Bxc6 bxc6 {1/2-1/2 Speelman,
J-Ribli,Z/Germany 2000/CBM 74 ext (26)}) (6... Qd7) (6... Bd7 7. Qb3) 7. cxd5
Nxd5 8. Nc3 N5b6 (8... Nxc3 9. dxc3 $14 (9. bxc3 O-O 10. d4 Nb6 $11)) 9. Qc2 (
9. Qh4 $6 h6 {[%csl Rh4]} (9... O-O 10. d4 (10. d3 $14 {[%cal Gc1h6]}) 10...
cxd4 11. Nxd4 e5 12. Qxd8 Rxd8 13. Ndb5 $14 {[%csl Yd5,Rg7]})) 9... O-O 10. d3
$14 {Weiß hat das bessere Figurenspiel - die schwarzen Springer stehen
schlecht.} (10. b3 e5 (10... f5 $5) 11. Ne4 f5 (11... Qc7 12. Ba3 f5 $13) 12.
Nxc5 Nxc5 (12... e4 13. Ne6 exf3 (13... Qe7 14. Nfd4 $16) 14. Nxd8 fxg2 15.
Kxg2 Bxa1 16. Ba3 Rxd8 17. Rxa1 $14 {Schwarz hat zwar R+N+N für Q+P+P, aber
die schwarze Königsstellung ist schwach.}) 13. Qxc5 e4 14. Ne5 Re8 15. Bb2 Qxd2
$13) (10. Rd1 $5 e5 11. e3 $14) 10... Nf6 11. Rd1 {Weiß bereitet d3-d4 vor.} (
11. Be3 $5 Nbd7 (11... c4 12. Bxb6 Qxb6 13. dxc4 $16) 12. Na4 Ng4 (12... Qc7
13. Rac1 $16) 13. Bxc5 b5 14. Nd2 (14. h3 bxa4 15. hxg4 Nxc5 16. Qxc5 Bxg4 17.
Ne5 $13) 14... Rb8 15. Bxa7 bxa4 16. Bxb8 Nxb8 17. Qxa4 (17. Nc4 $13 Bd7) 17...
Bxb2 18. Rab1 Bd7 19. Qc2 $16) 11... Bf5 (11... Bg4 12. d4 $14 (12. h3 Bxf3 13.
Bxf3 Qd7 14. Bg2 $14 {[%csl Gg2][%cal Gg2a8]})) 12. Nh4 (12. e4 $6 Bg4 13. Be3
Rc8 $11) 12... Bc8 {Dieser Zug ist nicht schön, aber Schwarz hat nichts
besseres.} 13. Be3 Nbd7 14. h3 {Weiß unterbindet den Zug Ng4 und sichert die
Stellung seines Be3. Schwarz hat Entwicklungsprobleme.} Rb8 15. Nf3 {Es ist
verständlich, dass Weiß die Stellung seines Springers verbessern möchte. Eine
sofortige Aktion im Zentrum jedoch wäre noch stärker.} (15. d4 $5 cxd4 16. Bxd4
Qa5 17. Nf3 $14) 15... e5 {Auch nach diesem Zug behält Schwarz Probleme bei
der Entwicklung des Bc8, doch in der geschlossenen Stellung gelingt es ihm,
seine Figuren nach und nach besser zu koordinieren.} 16. a3 {[%cal Gb2b4]} b6 (
16... a5 $6 17. Rab1 $14) 17. b4 {[%mdl 32] Weiß hat aktives Spiel am
Damenflügel.} Qe7 (17... cxb4 $6 18. axb4 $16) 18. Qa4 (18. bxc5 $1 bxc5 (18...
Nxc5 19. Nxe5 Qxe5 20. Bf4 $18) 19. Rab1 $14 (19. Nd2 $14)) 18... Bb7 19. Rac1
(19. Qxa7 cxb4 20. axb4 Qxb4 21. Rdc1 $14) 19... Rfc8 20. b5 {Weiß gewinnt
Raum am Damenflügel und möchte anschließend die weißfeldrigen Läufer
abtauschen.} Ra8 21. Qh4 Re8 (21... a6 $5 22. a4 axb5 23. axb5 Ra3) 22. Nd2
Bxg2 23. Kxg2 {[%cal Gd2c4]} Qe6 {Weiß übt zwar spürbar Druck auf den weißen
Feldern aus, aber die schwarze Stellung ist solide.} (23... a6 $5) 24. Qc4 Nf8
(24... Qxc4 25. Nxc4 $14) 25. a4 (25. Qxe6 $5 Nxe6 26. Nc4) 25... Qd7 $5 26.
Bg5 Nh5 (26... Ne6 27. Bxf6 Bxf6 28. Nd5 $14 {[%csl Gd5]}) 27. Qd5 (27. Nd5 Ne6
) 27... Qc7 {Schwarz möchte die Damen auf dem Brett halten.} 28. Nc4 Ne6 29.
Be3 Rad8 30. Qc6 (30. Qf3 Nd4 $132) 30... Qb8 $13 {Die weiße Dame steht nicht
besonders gut auf c6, da Schwarz die Möglichkeit Nd4 hat.} (30... Qxc6+ 31.
bxc6 Re7 (31... Rc8 $2 32. Nd6 {[%cal Rd6e8,Rd6c8]}) 32. a5 $36) 31. a5 {[#]}
Nhf4+ {Dieser Zug kommt unerwartet und sieht in der Tat interessant aus.
Dennoch halte ich den anderen Springerzug - nach d4 - für stärker.} (31... Nd4
$5 $132) 32. gxf4 exf4 33. axb6 (33. Bd2 Nd4 $19 {[%csl Rc6]}) 33... fxe3 (
33... axb6 $2 34. Bd2 Nd4 35. Qxb6 $18) 34. fxe3 axb6 35. Ne4 $2 (35. Qxb6 $1
Qa8+ 36. Qc6 Qxc6+ 37. bxc6 Nc7 38. Ne4 Re6 $14) 35... f5 $1 {[%mdl 64]
Schwarz schöpft seine taktischen Motive voll aus. Die weißen Figuren - die
Dame und die beiden Springer stehen zwar in der Tat aktiv, aber sie finden
keinen Weg zurück. Schwarz droht nun schon Material zu gewinnen.} 36. Ned6 Re7
{[%csl Rc6,Rd6]} 37. Rf1 (37. Qd5 Bh6 $36 (37... Kf8 $36)) 37... Bf8 {[%cal
Gf8d6]} 38. e4 $1 {Weiß gibt das Feld d4 auf, aber das war ohnehin kaum mehr
von Bedeutung.} (38. Ra1 Ng5 $5 (38... Nc7) 39. h4 Rc7 40. Qd5+ Nf7 $19) 38...
Nd4 {[%csl Gd4]} (38... Bh6 39. exf5) 39. Qd5+ Kg7 40. e5 $2 (40. e3 $1 Nxb5 (
40... Red7 41. Qe5+ Kg8 42. exd4) 41. exf5) 40... Nxe2 (40... Nxb5 41. e4) 41.
Rce1 (41. Ra1 Nc3 42. Qc6 Rc7 43. Qf3 Ra7) 41... Nd4 {Schwarz hat einen
Mehrbauern. Die Verwertung dieses Materialvorteils erweist sich angesichts der
aktiven weißen Figurenstellung als nicht einfach..} 42. e6 {Dieser scheinbar
aktive Bauer wird in der Folge zu einem Schwachpunkt.} Qa8 $1 {Schwarz tauscht
die beste weiße Figur ab. Nach dem Damentausch fehlt dem Pe6 merklich die
Unterstützung.} 43. Qxa8 Rxa8 44. Nxb6 Rd8 45. Ndc4 (45. Nbc4 Rxe6 46. Rxe6
Nxe6 47. Nb7 Rxd3 $17) 45... Nxb5 46. Nd7 Nc7 (46... Nd4 47. Nxc5 Ree8 $17) 47.
Nxc5 Ree8 48. Nd7 Nxe6 49. Nxf8 Kxf8 $17 {Schwarz hat zwar nach wie vor nur
einen Bauern mehr, aber seine Stellung ist aufgrund des chronisch schwachen
Pd3 aussichtsreich} 50. Ne5 (50. Re3 $17) 50... Rd5 51. Kg3 (51. Re3 Nc5 52.
Rfe1 {Droht 53.Nxg6+.} Kg7 53. Kf1 Re6 $17) 51... Nc5 52. Nf3 Rxe1 53. Rxe1
Nxd3 $19 {Schwarz hat jetzt zwei gesunde Mehrbauern. Trotz des reduzierten
Materials muss er die Partie gewinnen.} 54. Ra1 Rd7 55. h4 Kg7 56. Ra6 Re7 57.
h5 Re3 58. hxg6 hxg6 59. Kh4 $5 Ne1 (59... Rxf3 60. Rxg6+ Kf7 $19 (60... Kxg6
$4 $11 {[%csl Gh4]})) 60. Nd4 Ng2+ 61. Kg5 Rg3# 0-1

[Event "USA-ch playoff"]
[Site "USA"]
[Date "1994.??.??"]
[Round "3"]
[White "Yermolinsky, Alex"]
[Black "Shabalov, Alexander"]
[Result "1-0"]
[WhiteElo "2590"]
[BlackElo "2600"]
[Annotator "Ribli,Z"]
[PlyCount "57"]
[EventDate "1994.10.??"]
[EventType "tourn"]
[EventRounds "4"]
[EventCountry "USA"]
[EventCategory "14"]
[SourceTitle "CBM 044"]
[Source "ChessBase"]
[SourceDate "1995.02.01"]
[SourceVersion "1"]
[SourceVersionDate "1995.02.01"]
[SourceQuality "1"]

1. c4 Nf6 2. Nc3 c5 3. g3 e6 4. Nf3 b6 5. e4 d6 $6 (5... Bb7 $5) 6. d4 cxd4 7.
Nxd4 Bb7 8. Bg2 Nbd7 9. O-O a6 10. Re1 {-> A30} Qc7 (10... Rc8 11. e5 $1 dxe5
12. Nxe6 $1 fxe6 13. Bxb7 Rxc4 14. Bxa6 $14) 11. Nd5 (11. Be3 $5) (11. b3 b5 $2
(11... Be7 $5) 12. Nd5 $1 exd5 13. exd5+ Kd8 14. Nc6+ Bxc6 15. dxc6 Nc5 16. Be3
Kc8 17. b4 Na4 18. cxb5 axb5 19. Qd3 Rb8 20. Qf5+ Kd8 21. Bd4 $18 {Ribli,
Z-Gschnitzer,O/Bundesliga 8889/}) 11... exd5 12. exd5+ Ne5 (12... Kd8 $5 13.
Nc6+ Bxc6 14. dxc6 Nc5 15. b4 Ne6 16. c5 $44 {Cvitan,O-Foisor,O/Biel op/1990/
EXP19/}) 13. f4 O-O-O 14. fxe5 dxe5 15. Nf5 Bc5+ $6 (15... g6 16. Bg5 $18) (
15... Qxc4 $5 16. Be3 Kb8 $13) 16. Be3 g6 17. Bxc5 Qxc5+ 18. Ne3 h5 19. Qd2 h4
20. b4 Qd4 21. Rad1 hxg3 22. hxg3 Qxd2 23. Rxd2 Nh5 (23... e4 24. Rf1 $18) 24.
c5 $1 Kb8 (24... Nxg3 25. c6 Bxc6 26. Rc1 $18) 25. Nc4 b5 26. Nxe5 Rhe8 27.
Nd7+ Kc7 28. Rxe8 Rxe8 29. Nb6 1-0

[Event "SUI-GP"]
[Site "Suhr"]
[Date "1991.??.??"]
[Round "4"]
[White "Zueger, Beat"]
[Black "Klinger, Josef"]
[Result "0-1"]
[WhiteElo "2425"]
[BlackElo "2470"]
[Annotator "Ribli,Z"]
[PlyCount "116"]
[EventDate "1991.03.??"]
[EventType "tourn"]
[EventRounds "9"]
[EventCountry "SUI"]
[EventCategory "8"]
[SourceTitle "CBM 022"]
[Source "ChessBase"]
[SourceDate "1991.06.01"]
[SourceVersion "1"]
[SourceVersionDate "1991.06.01"]
[SourceQuality "1"]

1. c4 c5 2. g3 Nf6 3. Bg2 e6 4. Nf3 Be7 5. Nc3 O-O 6. O-O a6 7. b3 d6 8. Bb2
Nbd7 9. e3 (9. d4 cxd4 10. Qxd4 Qc7 11. Rfd1 Rd8 12. Ng5 Nf8 13. Rac1 Bd7 14.
Nge4 Ne8 {Wirthensohn,H-Dizdarevic,E Grand-Prix Suisse 1990 CBM/17}) 9... Rb8
10. d4 cxd4 11. Nxd4 Qc7 12. Rc1 Rd8 13. Qe2 Nf8 14. Rc2 Bd7 15. Rfc1 Be8 16.
h4 h6 17. Qf3 $6 Ng6 18. Qe2 Ne5 19. Nf3 Neg4 20. Nh2 Nxh2 21. Kxh2 Bf8 22. Ne4
Nh7 23. Nd2 (23. Kg1 {/\ g4,g5}) 23... Rbc8 24. Be4 Be7 25. Qf3 Rd7 26. Bd3 Qd8
27. Qe4 Nf8 28. Qg4 Bf6 29. Bxf6 Qxf6 30. Ne4 Qe7 31. Qe2 Rdc7 32. Qd2 Ng6 33.
Qb4 Rd8 34. f4 d5 $1 35. Qxe7 Nxe7 36. Nf2 (36. cxd5 Rxc2+ 37. Rxc2 Nxd5) 36...
dxc4 37. Rxc4 Bc6 $1 38. e4 Rcd7 39. R4c3 Rd4 40. Kg1 a5 41. a4 e5 $1 42. f5 (
42. fxe5 Ng6) 42... Nc8 43. Bb5 $1 Bxb5 44. Rxc8 Bc6 45. Rxd8+ Rxd8 46. Rc5 Rd4
47. Rxa5 f6 48. Rc5 h5 49. a5 Rb4 50. Rc3 Bb5 51. Kg2 Kh7 52. Kf3 Ba6 53. Ke3
Kh6 54. Kd2 Rb5 55. Nd3 Rxa5 56. Nc5 g6 57. Ne6 Ra2+ 58. Ke3 $2 g5 {Zeit} 0-1

[Event "Warsaw"]
[Site "Warsaw"]
[Date "1990.??.??"]
[Round "8"]
[White "Cvitan, Ognjen"]
[Black "Hansen, Lars Bo"]
[Result "1-0"]
[WhiteElo "2525"]
[BlackElo "2460"]
[Annotator "Ribli,Z"]
[PlyCount "73"]
[EventDate "1990.01.??"]
[EventType "tourn"]
[EventRounds "13"]
[EventCountry "POL"]
[EventCategory "9"]
[SourceTitle "CBM 017"]
[Source "ChessBase"]
[SourceDate "1990.08.01"]
[SourceVersion "1"]
[SourceVersionDate "1990.08.01"]
[SourceQuality "1"]

1. Nf3 Nf6 2. c4 b6 3. g3 Bb7 4. Bg2 e6 5. O-O Be7 6. Nc3 O-O 7. Re1 d5 8. cxd5
Nxd5 {8...exd5!?} 9. e4 Nxc3 10. bxc3 c5 11. d4 cxd4 12. cxd4 Nc6 13. Bb2 Bf6
14. Qd2 {14.Rb1, Rc8 15.h4 +/=  Timman,J-Lobron,E Reggio Emilia 1984} Na5 15.
Qe2 Rc8 16. Rad1 Re8 17. h4 Qd7 18. d5 $1 Bxb2 19. Qxb2 exd5 {19...Nc4!?} 20.
Ne5 Qd6 21. exd5 Re7 22. Ng4 Rxe1+ {22...Nc4!?} 23. Rxe1 Rd8 24. Ne3 Bc8 25.
Rc1 Nb7 $2 {>= 25...Bd7} 26. Nc4 Qf8 27. Ne5 Nc5 28. Qa3 $1 a6 29. Qb2 Qd6 30.
Nc6 Nd3 31. Nxd8 Nxc1 32. Nc6 Qc5 33. Qe5 Qf8 34. Qc7 Bg4 35. Ne7+ Kh8 36. f3
Ne2+ 37. Kf2 1-0

[Event "Santiago Entel Cup 2nd"]
[Site "Santiago de Chile"]
[Date "2005.03.19"]
[Round "10"]
[White "Ricardi, Pablo"]
[Black "Zambrana, Oswaldo"]
[Result "1-0"]
[WhiteElo "2547"]
[BlackElo "2472"]
[Annotator "Ribli,Z"]
[PlyCount "63"]
[EventDate "2005.03.15"]
[EventType "tourn"]
[EventRounds "13"]
[EventCountry "CHI"]
[EventCategory "9"]
[SourceTitle "CBM 106"]
[Source "ChessBase"]
[SourceDate "2005.06.06"]
[SourceVersion "1"]
[SourceVersionDate "2005.06.06"]
[SourceQuality "1"]

1. Nf3 Nf6 2. c4 e6 3. g3 b6 4. Bg2 Bb7 5. O-O Be7 6. b3 {Eine relativ
bescheidene Fortsetzung; statt dessen hätte Weiß mit 6.d4 eine Grundstellung
der Damenindischen Verteidigung erreichen können.} O-O 7. Bb2 c5 8. e3 (8. Nc3
d5 9. e3 Na6 10. Qe2 dxc4 (10... Ne4 11. cxd5 exd5 12. d3 Nxc3 13. Bxc3 Nc7 (
13... Bf6 $142 14. d4 Nc7) 14. Qb2 $1 $14 d4 (14... Ne6 15. d4 $1 {/\ Rfd1|^[+]
}) 15. exd4 Nb5 16. dxc5 $8 Nxc3 17. Qxc3 Bf6 18. d4 Rc8 19. b4 $14 {1-0 Calvo
Minguez,R-Kurajica,B/Osijek 25/43 1978/[Marjanovic,S] (39)}) (10... Nc7 11. Ne5
Qc8 12. cxd5 Ncxd5 13. Nxd5 Bxd5 14. e4 Bb7 15. d4 Ba6 16. Nc4 cxd4 17. Bxd4
Rd8 18. Rfd1 Qc6 19. Rac1 {1-0 Szmetan,J-McDonald,K/Dos Hermanas 2004/CBM 99
ext (49)}) 11. bxc4 Ne4 12. Ne5 Nxc3 13. Bxc3 Bxg2 14. Kxg2 Bf6 15. f4 Bxe5 16.
Bxe5 Qd7 17. Bc3 Rad8 18. a4 {1/2-1/2 Braga,C-Lebredo,G/Sao Paulo BRA 2004/(48)
}) 8... Na6 {Ein sonderbarer Entwicklungszug, der keineswegs die beste
Möglichkeit für Schwarz darstellt.} (8... Nc6) (8... d6 {Mit Nbd7 und a6 kann
Schwarz die Igelstellung aufbauen.}) 9. Qe2 d5 10. Rd1 (10. d3 Nc7 11. Nbd2 a5
12. Ne5 a4 13. f4 Ra7 14. Ndf3 Nfe8 15. Rab1 Nd6 16. Ba1 f6 17. Ng4 axb3 18.
axb3 Qe8 19. Nf2 Qf7 {0-1 Gutman,L-Schuh,H/Mengen 1990/GER (44)}) 10... Re8 (
10... Rc8 11. d3 Qc7 12. Nc3 Bc6 13. Rac1 Rfd8 14. Ba1 dxc4 15. bxc4 Ne8 16. a3
Qb7 17. Ne1 Nb8 18. f4 Rd7 19. g4 $36 {1-0 Valdes,L-McDonald,K/Dos Hermanas
2004/EXT 2005 (69)}) 11. d4 $14 {[%cal Gd1d8] Die Opposition von schwarzer
Dame und weißem Turm auf der d-Linie ist unangenehm für Schwarz.} (11. d3)
11... Bf8 (11... dxc4 12. dxc5 Qc7 13. cxb6 axb6 14. Qxc4 Qxc4 15. bxc4 Nc5 16.
Nbd2 $16 (16. Ne5 $16)) 12. Nc3 {Weiß hat zwei Läufer auf den großen
Diagonalen. Schwarz muss jetzt mit 13.cxd5 oder 13.dxc5 rechnen.} cxd4 13. Nxd4
{[%csl Rb7,Rd5,Gg2][%cal Gg2b7] Schwarz hat Probleme mit dem d5-Bauern.
Darüber hinaus kann man in solchen Stellung den großen Unterschied zwischen
dem g2-Läufer und b7-Läufer sehen.} Nc5 (13... e5 14. Ndb5 $16) 14. Nc2 $1 {
[%cal Gd1d8,Gg2b7][%mdl 32] Weiß verfügt nun über zwei Drohungen: 15.e4 und 15.
cxd5, wonach Schwarz mit dem Isolanie auf d5 weiterspielen muss. In einigen
Varianten muss Schwarz mit Nc2-b4 rechnen.} a5 (14... Qc8 15. cxd5 Ba6 16. Qd2
exd5 17. Nd4 $14 (17. Nb4 Nxb3 18. axb3 Bxb4 19. Qd4 Bc5 20. Qf4 $14)) 15. e4 (
15. cxd5 exd5 16. Nd4 $14) 15... Qb8 (15... Qc8 16. e5 Nfe4 17. Nxe4 (17. cxd5
Nxc3 18. Bxc3 Bxd5 19. Bxd5 exd5 20. Rxd5 Nxb3 $132) 17... dxe4 (17... Nxe4 18.
Ne3 $16) 18. Bd4 $14) 16. e5 Nfd7 (16... Nfe4 17. cxd5 Nxc3 18. Bxc3 exd5 19.
Bxd5 $14) 17. cxd5 exd5 18. f4 $1 {Während Weiß seinen e5-Bauern verteidigt
gelingt dies Schwarz nicht für seinen d5-Bauern.} (18. Nxd5 Nxe5 19. Nce3 $14)
18... f6 19. Bxd5+ (19. Nxd5 fxe5 20. Qg4 $14) 19... Bxd5 20. Nxd5 fxe5 21. f5
{[%csl Gd5,Gf5][%cal Gb2h8] Weiß verfügt über deutliche Initiative: er
kontrolliert die weißen Felder. Früher oder später muss Schwarz e5-e4 ziehen,
wonach allerdings der b2-Läufer stark wird .} Kh8 (21... e4 22. f6 $36) 22.
Nce3 Qb7 (22... Ne4 23. Ng4 $14) 23. Ng4 Rac8 (23... e4) 24. Rd2 e4 25. f6 Nd3
{Der Nd3 steht scheinbar stark, aber im weiteren Verlauf erhält Weiß eine
deutliche Initiative.} (25... gxf6 $2 26. Ngxf6 $18) 26. fxg7+ Bxg7 27. Bxg7+
Kxg7 {[#]} 28. Rxd3 $1 {[%mdl 512] Dieses Opfer entscheidet die Partie. Weiß
vernichtet den Springer, wonach 29.Qb2+ droht.} exd3 29. Qb2+ {[%csl Rg7][%cal
Rb2g7]} Ne5 (29... Kf7 30. Rf1+ Ke6 31. Nge3 Rf8 (31... Qxd5 32. Nxd5 Kxd5 33.
Qg7 $16) 32. Nf4+ Rxf4 33. Rxf4 $16) 30. Nxe5 Qxd5 31. Ng4+ {Die schwarze
Königsstellung ist schwach und es scheint, dass Weiß sofort gewinnt, jedoch
könnte Schwarz mit geschickter Verteidigung noch kämpfen.} (31. Nd7+ Kf7 32.
Qf2+ Kg7 (32... Ke7 33. Nxb6 $16) 33. Qb2+ $11) 31... Re5 $2 (31... Kf8 $1 32.
Qf6+ (32. Rf1+ $2 Ke7 33. Qf6+ Kd7 34. Qxb6 Qc5+ 35. Qxc5 Rxc5 36. Nf6+ Kd8 37.
Nxe8 d2 $19) 32... Qf7 33. Qd6+ Qe7 34. Rf1+ Kg8 35. Nf6+ Kh8 36. Nxe8 Qe3+ 37.
Kg2 Qe4+ (37... Rxe8 $2 38. Rf8+ $18) 38. Kh3 Qxe8 39. Qxd3 $16) 32. Qxe5+ $18
1-0

[Event "RUS-ch"]
[Site "Elista"]
[Date "1994.??.??"]
[Round "4"]
[White "Ibragimov, Ildar"]
[Black "Tregubov, Pavel V"]
[Result "0-1"]
[WhiteElo "2480"]
[BlackElo "2545"]
[Annotator "Ribli,Z"]
[PlyCount "64"]
[EventDate "1994.09.??"]
[EventType "swiss"]
[EventRounds "11"]
[EventCountry "RUS"]
[SourceTitle "CBM 044"]
[Source "ChessBase"]
[SourceDate "1995.02.01"]
[SourceVersion "1"]
[SourceVersionDate "1995.02.01"]
[SourceQuality "1"]

1. c4 c5 2. Nf3 Nc6 3. e3 e5 4. Nc3 Nf6 5. b3 (5. a3 $5 d6 6. Be2 g6 7. d4 $14
{Kramnik,V-Kamsky,G/PCA-Wch New York/1994/CBM42/}) 5... g6 6. Bb2 Bg7 7. Be2
O-O 8. d3 d5 9. cxd5 Nxd5 10. Rc1 (10. Nxd5 Qxd5 11. O-O $13) 10... Be6 11. O-O
(11. Nxd5 Qxd5 12. O-O Rfd8 $10) 11... b6 12. Qc2 (12. Nxd5 Bxd5 13. Nd2 $10)
12... Rc8 13. Qb1 (13. Nxd5 Bxd5 14. Rfd1 $10) 13... f5 14. Qa1 (14. Rfd1 $5)
14... Qe7 15. Nb1 Bf7 16. Nbd2 Rfe8 17. Rfe1 Rcd8 18. a3 Na5 19. Bd1 g5 20. g3
g4 21. Nh4 Qg5 22. Nf1 (22. Ng2 $5 $13) 22... f4 23. e4 (23. exf4 exf4 24.
Rxe8+ Rxe8 25. Bxg7 Qxg7 26. Qxg7+ Kxg7 27. Bxg4 Nxb3 $17) 23... fxg3 24. hxg3
Nf4 25. gxf4 (25. Nf5 Nh3+ 26. Kg2 Nxb3 27. Bxb3 Bxb3 $17) 25... Qxh4 26. b4 (
26. Ng3 Rxd3 27. Nf5 Qh3 28. Nxg7 g3 $1 $19) 26... Re6 $1 27. Ng3 Rh6 28. Bxe5
(28. bxa5 exf4 $1 29. Bxg7 Qh2+ 30. Kf1 f3 $1 31. Re3 Qh1+ 32. Nxh1 Rxh1#)
28... Rxd3 29. Kf1 (29. Bxg7 Rxg3+ 30. Kf1 Qh1+ 31. Ke2 Qf3+ 32. Kd2 Qd3#) (29.
Rc3 Rxg3+ 30. fxg3 Qh1+ 31. Kf2 Rh2+ $19) 29... Rxg3 30. Rc3 (30. fxg3 Qh1+ 31.
Ke2 Rh2+ $19) 30... Bxe5 31. fxe5 Rxc3 32. Qxc3 Bc4+ 0-1

[Event "Reggio Emilia Top16 33rd"]
[Site "Reggio Emilia"]
[Date "1991.??.??"]
[Round "?"]
[White "Andersson, Ulf"]
[Black "Ribli, Zoltan"]
[Result "1/2-1/2"]
[WhiteElo "2640"]
[BlackElo "2595"]
[Annotator "Ribli,Z"]
[PlyCount "109"]
[EventDate "1991.01.??"]
[EventType "tourn"]
[EventRounds "14"]
[EventCountry "ITA"]
[EventCategory "16"]
[SourceTitle "CBM 022"]
[Source "ChessBase"]
[SourceDate "1991.06.01"]
[SourceVersion "1"]
[SourceVersionDate "1991.06.01"]
[SourceQuality "1"]

1. d4 Nf6 2. c4 c5 3. Nf3 cxd4 4. Nxd4 a6 5. e3 b6 6. Be2 Bb7 7. O-O e6 8. b3
Be7 9. Bb2 O-O 10. Nc3 d6 11. Bf3 Qc7 12. Rc1 Nbd7 $13 13. Bxb7 Qxb7 14. Qf3
Qxf3 15. Nxf3 Rac8 16. Rfd1 Rfd8 17. Nd4 Kf8 18. h3 g6 19. g4 h6 20. Kg2 Ke8
21. f4 Rc7 22. Kf3 Rdc8 23. Nde2 Nc5 24. Ng3 Rb7 25. Nce4 Nfxe4 26. Nxe4 Nxe4
27. Kxe4 f5+ 28. gxf5 gxf5+ 29. Kf3 Kf7 30. a4 Rg8 31. Rg1 Rbb8 32. Rcd1 Rxg1
33. Rxg1 Bf6 34. Bxf6 Kxf6 35. h4 $1 h5 36. Rg5 b5 37. Rxh5 bxc4 38. bxc4 Rb4
39. Rh6+ Kf7 40. Rh7+ Kf6 41. a5 Rxc4 42. Ra7 d5 43. Rxa6 (43. h5 $1) 43... d4
44. exd4 Rxd4 45. Rb6 Rd3+ 46. Ke2 Ra3 47. a6 Kg6 $1 48. Rxe6+ Kh5 49. Kd2 Kxh4
50. Kc2 Kg4 51. Kb2 Ra5 52. Kb3 Kxf4 53. Kb4 Ra1 54. Rc6 Kg4 55. Kb5 1/2-1/2